00645nam a2200169Ia 4500008004100000020001800041050002900059100002900088245006700117250000600184260002000190300002000210504005000230650007200280952010600352999001700458120720s9999 xx 000 0 und d a970-686-152-1 aCONSULTA HF 1002 L6 2001 aLOPEZ LOPEZ, JOSE ISAURO aDICCIONARIO, ADMINISTRATIVO Y FISCAL / JOSE ISAURO LOPEZ LOPEZ a3 aMEXICO : ECSFSA a350 P. / 22 CM. aINCLUYE REFERENCIAS BIBLIOGRAFICAS P. 349-350 a1. COMERCIO -- DICCIONARIOS 2. ADMINISTRACION -- DICCIONARIOS̀̀ 00104070a03b03d2001-05-15l0oCONSULTA HF 1002 L6 2001p03 003897r2012-07-20t1w2012-07-20yLB c80195d80195